[Event "Oceania zt"]
[Site "Cammeray"]
[Date "2015.07.09"]
[Round "8"]
[White "Rewais, Sarwat"]
[Black "Lam, Ross"]
[Result "1/2-1/2"]
[WhiteElo "1889"]
[BlackElo "1984"]
[PlyCount "91"]
[EventDate "2015.07.04"]
[EventType "swiss"]
[EventRounds "9"]
[EventCountry "AUS"]
[SourceTitle "EXT 2017"]
[Source "ChessBase"]
[SourceDate "2016.10.25"]
[SourceVersion "1"]
[SourceVersionDate "2016.10.25"]
[SourceQuality "1"]

1. c4 e5 2. g3 Nf6 3. Bg2 Nc6 4. Nc3 Bc5 5. a3 a6 6. e3 d6 7. Nge2 Ba7 8. 0-0 0-0 9. b4 Rb8 10. Bb2 Bf5 11. d4 Ne7 12. Nd5 Nexd5 13. cxd5 Re8 14. dxe5 dxe5 15. h3 Qd7 16. Kh2 Be4 17. Bxe4 Nxe4 18. Nc3 Nxc3 19. Bxc3 e4 20. Qb3 Rbd8 21. Rad1 Qf5 22. Ba1 Qg5 23. Qc4 Qe7 24. Qc3 f5 25. Rd2 Qf7 26. Rfd1 Rd6 27. Rc1 Re7 28. Rcd1 Qh5 29. Qc4 Kh8 30. Bb2 Rh6 31. Qf1 Rd6 32. Qc4 Bb6 33. Qf1 Qe8 34. Qc4 Red7 35. Qb3 Rh6 36. Qc4 Rdd6 37. Qe2 Kg8 38. Qf1 Qh5 39. Be5 Rd8 40. d6 cxd6 41. Rxd6 Rhxd6 42. Rxd6 Rxd6 43. Bxd6 Qf7 44. Qc1 h6 45. h4 Kh7 46. Qc8 1/2-1/2

[Event "Oceania zt"]
[Site "Cammeray"]
[Date "2015.07.08"]
[Round "7"]
[White "Sandrasegaran, Aran"]
[Black "Rewais, Sarwat"]
[Result "0-1"]
[WhiteElo "1544"]
[BlackElo "1889"]
[PlyCount "164"]
[EventDate "2015.07.04"]
[EventType "swiss"]
[EventRounds "9"]
[EventCountry "AUS"]
[SourceTitle "EXT 2017"]
[Source "ChessBase"]
[SourceDate "2016.10.25"]
[SourceVersion "1"]
[SourceVersionDate "2016.10.25"]
[SourceQuality "1"]

1. e4 c5 2. c3 d5 3. exd5 Qxd5 4. Na3 Nf6 5. Bc4 Qxg2 6. Qf3 Qxf3 7. Nxf3 a6 8. Nc2 b5 9. Be2 Bb7 10. Rg1 g6 11. d4 Nbd7 12. Be3 e6 13. 0-0-0 c4 14. a3 h5 15. Ne5 Nb6 16. Ne1 Bd5 17. N1f3 Nbd7 18. Bg5 Ne4 19. Nxd7 Kxd7 20. Ne5+ Ke8 21. Be3 Rc8 22. f3 Nd6 23. Bf4 Nf5 24. Rd2 Be7 25. Bd1 Rg8 26. Rdg2 Bf6 27. Kd2 Ke7 28. Ke2 h4 29. Ng4 Bg7 30. Bc2 h3 31. Rf2 Nh4 32. Bg5+ f6 33. Bxh4 g5 34. Bg3 f5 35. Ne5 f4 36. Bxf4 gxf4 37. Ng6+ Kd6 38. Nxf4 Bf6 39. Rxg8 Rxg8 40. Nxh3 Bh4 41. Rf1 Rg2+ 42. Kd1 Rxh2 43. Nf4 Bg5 44. Ne2 Bxf3 45. Rxf3 Rh1+ 46. Ng1 Rxg1+ 47. Ke2 Rg2+ 48. Rf2 Rxf2+ 49. Kxf2 Bc1 50. b3 cxb3 51. Bxb3 Bxa3 52. c4 b4 53. c5+ Kd7 54. Ba4+ Ke7 55. Kf3 Bc1 56. Ke4 Bd2 57. Ke5 Be3 58. Bb3 a5 59. c6 Bf2 60. c7 Bg3+ 61. Ke4 Bxc7 62. d5 e5 63. Ba4 Kd6 64. Bb3 Kc5 65. Kd3 Bd6 66. Ba4 Kxd5 67. Bb3+ Kc5 68. Ba4 Bc7 69. Bb3 Bd8 70. Ba4 Bg5 71. Ke4 Bf4 72. Kd3 Bc1 73. Ke4 Bb2 74. Kd3 Bd4 75. Bb3 Kb5 76. Bc4+ Ka4 77. Kc2 Ka3 78. Kb1 b3 79. Bd5 Kb4 80. Kc1 a4 81. Be4 a3 82. Bb1 a2 0-1

[Event "Sydney op-B"]
[Site "Parramatta"]
[Date "2013.04.07"]
[Round "9"]
[White "Chibnall, Alana"]
[Black "Rewais, Sarwat"]
[Result "0-1"]
[WhiteElo "1879"]
[BlackElo "1847"]
[PlyCount "72"]
[EventDate "2013.04.03"]
[EventType "swiss"]
[EventRounds "9"]
[EventCountry "AUS"]
[SourceTitle "EXT 2023"]
[Source "ChessBase"]
[SourceDate "2022.10.05"]
[SourceVersion "1"]
[SourceVersionDate "2022.10.05"]
[SourceQuality "1"]

1. e4 Nf6 2. Nc3 d5 3. exd5 Nxd5 4. Bc4 Nb6 5. Bb3 Nc6 6. Nf3 Bf5 7. d3 e6 8. Bf4 Bb4 9. 0-0 Bxc3 10. bxc3 0-0 11. d4 Bg4 12. Qd3 Ne7 13. Ne5 Bf5 14. Qg3 Nbd5 15. Bd2 Nf6 16. f3 c6 17. Qf2 Ned5 18. g4 Bg6 19. h4 h6 20. Nxg6 fxg6 21. Qe2 Qd6 22. Qg2 Rae8 23. f4 Nh7 24. f5 exf5 25. gxf5 Kh8 26. fxg6 Rxf1+ 27. Rxf1 Nhf6 28. Rf3 Re4 29. Qh3 Rg4+ 30. Kf1 Rxg6 31. Qc8+ Kh7 32. Qf5 Qh2 33. Qd3 Nh5 34. c4 Ndf4 35. Bxf4 Nxf4 36. Qe3 Qh1+ 0-1

[Event "Cammeray Norths op"]
[Site "Cammeray"]
[Date "2011.01.06"]
[Round "5"]
[White "Shi, Dawen"]
[Black "Rewais, Sarwat"]
[Result "0-1"]
[WhiteElo "1701"]
[BlackElo "1686"]
[PlyCount "70"]
[EventDate "2011.01.02"]
[EventType "swiss"]
[EventRounds "7"]
[EventCountry "AUS"]
[SourceTitle "EXT 2013"]
[Source "ChessBase"]
[SourceDate "2012.11.22"]
[SourceVersion "1"]
[SourceVersionDate "2012.11.22"]
[SourceQuality "1"]

1. Nf3 c5 2. g3 g6 3. Bg2 Bg7 4. 0-0 e5 5. d3 Ne7 6. Nbd2 0-0 7. e4 Nbc6 8. c3 h6 9. Nc4 d6 10. Ne3 Kh7 11. Nh4 Be6 12. f4 exf4 13. gxf4 f5 14. Qe1 Qd7 15. Qg3 Rf7 16. Kh1 Rg8 17. Bd2 Bf6 18. Rf2 d5 19. e5 Bxh4 20. Qxh4 Rgg7 21. Rg1 b5 22. Nc2 d4 23. Ne1 Bxa2 24. Nf3 Kg8 25. Qxh6 Rh7 26. Qg5 Be6 27. Qg3 dxc3 28. Bxc3 Rfg7 29. Ng5 Rh6 30. Nxe6 Qxe6 31. Qe3 b4 32. Bd2 Nd4 33. Rc1 Nd5 34. Qg3 Rgh7 35. Bf3 Rh3 0-1

[Event "Cammeray Norths op"]
[Site "Cammeray"]
[Date "2011.01.03"]
[Round "2"]
[White "Rewais, Sarwat"]
[Black "Lane, Clive"]
[Result "1-0"]
[WhiteElo "1686"]
[BlackElo "1552"]
[PlyCount "71"]
[EventDate "2011.01.02"]
[EventType "swiss"]
[EventRounds "7"]
[EventCountry "AUS"]
[SourceTitle "EXT 2013"]
[Source "ChessBase"]
[SourceDate "2012.11.22"]
[SourceVersion "1"]
[SourceVersionDate "2012.11.22"]
[SourceQuality "1"]

1. f4 Nf6 2. Nf3 c5 3. e3 d6 4. Be2 Nc6 5. 0-0 e6 6. d3 Be7 7. h3 e5 8. e4 exf4 9. Bxf4 0-0 10. Nc3 a6 11. Kh1 b5 12. Qe1 b4 13. Nd5 Nxd5 14. exd5 Nb8 15. c4 bxc3 16. bxc3 Bf6 17. Rb1 Re8 18. c4 Bf5 19. Qd2 Qc7 20. Nh2 Bg6 21. Bf3 Nd7 22. Ng4 Bd4 23. Rb3 h5 24. Nf2 Rab8 25. Be4 Bxe4 26. Nxe4 Be5 27. Qd1 Rxb3 28. axb3 Bxf4 29. Rxf4 Re5 30. Qf3 Nf8 31. Rf5 Rxf5 32. Qxf5 Ng6 33. Qxh5 Qe7 34. Qg5 Qd7 35. h4 Ne5 36. Nf6+ 1-0

[Event "New South Wales Australia Day op"]
[Site "Cammeray"]
[Date "2008.01.26"]
[Round "2"]
[White "Xie, George Wendi"]
[Black "Rewais, Sarwat"]
[Result "1-0"]
[WhiteElo "2413"]
[BlackElo "1952"]
[PlyCount "60"]
[EventDate "2008.01.26"]
[EventType "swiss"]
[EventRounds "7"]
[EventCountry "AUS"]
[SourceTitle "EXT 2010"]
[Source "ChessBase"]
[SourceDate "2010.11.25"]
[SourceVersion "1"]
[SourceVersionDate "2010.11.25"]
[SourceQuality "1"]

1. e4 Nf6 2. e5 Nd5 3. d4 d6 4. c4 Nb6 5. exd6 exd6 6. Nc3 Be7 7. Nf3 Bg4 8. Be3 N8d7 9. h3 Bh5 10. Qe2 0-0 11. g4 Bg6 12. 0-0-0 c6 13. h4 h6 14. Nd2 Nf6 15. f3 Qc8 16. Bh3 Qc7 17. g5 Nfd7 18. f4 f5 19. Bg2 Bf7 20. Bf3 g6 21. Rhg1 Kg7 22. d5 Rae8 23. dxc6 bxc6 24. Bd4+ Kh7 25. Qg2 d5 26. Bh5 Nxc4 27. Nxc4 dxc4 28. Ne2 Bc5 29. Bf3 Bb6 30. Bc3 Nc5 1-0

[Event "North Sydney Ford Memorial"]
[Site "Sydney"]
[Date "2006.11.14"]
[Round "9"]
[White "Mejzini, Jack"]
[Black "Rewais, Sarwat"]
[Result "1/2-1/2"]
[WhiteElo "1615"]
[BlackElo "1819"]
[PlyCount "170"]
[EventDate "2006.08.15"]
[EventType "swiss"]
[EventRounds "9"]
[EventCountry "AUS"]
[SourceTitle "EXT 2010"]
[Source "ChessBase"]
[SourceDate "2010.11.25"]
[SourceVersion "1"]
[SourceVersionDate "2010.11.25"]
[SourceQuality "1"]

1. e4 c5 2. Nf3 e6 3. Nc3 a6 4. d4 cxd4 5. Nxd4 Qc7 6. Bd3 Nf6 7. Nf3 d6 8. Be3 Be7 9. Qe2 Nbd7 10. 0-0 b6 11. Ng5 h6 12. Nh3 Bb7 13. f4 Nc5 14. Bxc5 Qxc5+ 15. Kh1 b5 16. Rae1 Qb4 17. e5 Nd7 18. exd6 Qxd6 19. Be4 Bxe4 20. Nxe4 Qc7 21. f5 e5 22. Qg4 Bf6 23. Rd1 Ke7 24. Nc3 Kf8 25. Nf2 Rd8 26. Nfe4 Nb6 27. Qf3 Ke7 28. h3 b4 29. Ne2 Rxd1 30. Rxd1 Rd8 31. N2g3 Rxd1+ 32. Qxd1 Qd7 33. Qe2 Qc8 34. Qd3 Nd7 35. Qd6+ Kd8 36. Qxb4 Be7 37. Qd2 Qc6 38. Qe2 Bg5 39. c3 a5 40. Nh5 Bf6 41. Qd3 Ke7 42. b4 axb4 43. cxb4 g5 44. fxg6 fxg6 45. Nhxf6 Nxf6 46. Nxf6 Qc1+ 47. Kh2 Kxf6 48. Qd6+ Kf5 49. g4+ Kf4 50. Qf6+ Ke4 51. Qxg6+ Kd4 52. Qd6+ Ke4 53. Qg6+ Kd4 54. Qb6+ Ke4 55. Qf2 Qc3 56. b5 Kd5 57. b6 e4 58. b7 Qc7+ 59. Kg2 Qxb7 60. Qd2+ Ke5 61. Qc3+ Kf4 62. Qf6+ Ke3 63. Qxh6+ Ke2 64. Qf6 e3+ 65. Kg3 Qd5 66. g5 Qxa2 67. Qf3+ Kd2 68. Qf4 Qb3 69. g6 Qd3 70. g7 Qg6+ 71. Qg4 Qxg4+ 72. hxg4 e2 73. g8Q e1Q+ 74. Kf4 Qe3+ 75. Kf5 Qf3+ 76. Ke5 Qc3+ 77. Kd6 Qb4+ 78. Ke5 Qc3+ 79. Kf5 Qf3+ 80. Kg5 Qe3+ 81. Kf6 Qd4+ 82. Kf7 Qc4+ 83. Kf8 Qc8+ 84. Kf7 Qc4+ 85. Kf8 Qc8+ 1/2-1/2